| 000 | 01038cam a2200313 a 4500 | ||
|---|---|---|---|
| 999 |
_c1189 _d1189 |
||
| 001 | 16840860 | ||
| 003 | GZU | ||
| 005 | 20210512103927.0 | ||
| 008 | 110623s2012 nyu b 001 0 eng | ||
| 010 | _a 2011025890 | ||
| 020 | _a9780415687935 (hbk.) | ||
| 020 | _a9780203145623 (ebk.) | ||
| 040 |
_aDLC _cDLC _dDLC |
||
| 042 | _apcc | ||
| 043 | _af------ | ||
| 050 | 0 | 0 |
_aJQ1875.A55 _bBAC 2012 |
| 245 | 0 | 0 |
_aNeopatrimonialism in Africa and beyond / _cedited by Daniel Bach and Mamoudou Gazibo. |
| 260 |
_aNew York : _bRoutledge, _c2012. |
||
| 300 |
_axii, 260 p. ; _c24 cm. |
||
| 490 | 0 |
_aRoutledge studies on African politics and international relations ; _v1 |
|
| 504 | _aIncludes bibliographical references and index. | ||
| 650 | 0 |
_aPolitical corruption _zAfrica. |
|
| 650 | 0 |
_aPolitical ethics _zAfrica. |
|
| 651 | 0 |
_aAfrica _xPolitics and government. |
|
| 700 | 1 |
_aBach, Daniel. _eeditor |
|
| 700 | 1 |
_aGazibo, Mamoudou. _eeditor |
|
| 906 |
_a7 _bcbc _corignew _d1 _eecip _f20 _gy-gencatlg |
||
| 942 |
_2lcc _cBK _h1875.A55 _iBAC _kJQ |
||